000 00307 a2200157 4500
001 161671
020 _a
040 _cMagnum
100 _aBetto, Frei
240 1 0 _aMenina e o elefante
_lpor
245 1 0 _aMenina e o elefante
362 0 _a1899
440 1 _aFTD
697 _aIJ/GERAL
942 _cBK
999 _c161671
_d161671